00333nam a2200133Ia 45000030006000000080041000060400015000471000029000622450039000912600032001303000006001625460014001680050017001820STCL150530s9999 xx 000 0 und d aSTCLcSTCL aChathanath Achuthan Unny aSaileevijnanam Samakalapathanangal bVallathol Vidyapeedamc1984 a0 aMalayalam20220125165749.0